[Event "COL-ch Amateur"]
[Site "San Andres Islas"]
[Date "2013.03.14"]
[Round "4"]
[White "Restrepo Echeverri, Carlos M"]
[Black "Zuluaga Torres, Juan Pablo"]
[Result "1/2-1/2"]
[WhiteElo "1576"]
[BlackElo "1928"]
[PlyCount "64"]
[EventDate "2013.03.13"]
[EventType "swiss"]
[EventRounds "9"]
[EventCountry "COL"]
[SourceTitle "CBM 153 Extra"]
[Source "ChessBase"]
[SourceDate "2013.04.22"]
[SourceVersion "1"]
[SourceVersionDate "2013.04.22"]
[SourceQuality "1"]

1. e4 e5 2. Nf3 Nf6 3. Nc3 Nc6 4. Bb5 d6 5. 0-0 Be7 6. d4 a6 7. Bxc6+ bxc6 8. dxe5 Ng4 9. exd6 cxd6 10. h3 Ne5 11. Nxe5 dxe5 12. Qxd8+ Bxd8 13. Be3 Rb8 14. b3 0-0 15. f4 exf4 16. Bxf4 Bb6+ 17. Kh2 Rb7 18. Rad1 Re8 19. e5 Rbe7 20. Na4 Bc7 21. Rfe1 f6 22. Bg3 fxe5 23. Nc5 Bb6 24. Ne4 Bc7 25. c4 Bf5 26. Nd6 Bxd6 27. Rxd6 Re6 28. Rxe6 Rxe6 29. Rxe5 Rxe5 30. Bxe5 Bb1 31. a3 Ba2 32. b4 Bxc4 1/2-1/2

[Event "COL-ch Amateur"]
[Site "San Andres Islas"]
[Date "2013.03.13"]
[Round "2"]
[White "Restrepo Echeverri, Carlos M"]
[Black "Romero, Oscar"]
[Result "0-1"]
[WhiteElo "1576"]
[BlackElo "1823"]
[PlyCount "51"]
[EventDate "2013.03.13"]
[EventType "swiss"]
[EventRounds "9"]
[EventCountry "COL"]
[SourceTitle "CBM 153 Extra"]
[Source "ChessBase"]
[SourceDate "2013.04.22"]
[SourceVersion "1"]
[SourceVersionDate "2013.04.22"]
[SourceQuality "1"]

1. e4 e5 2. Nf3 Nc6 3. Bb5 a6 4. Ba4 Nf6 5. Nc3 d6 6. d4 b5 7. Bb3 Nxd4 8. Nxd4 exd4 9. Qxd4 c5 10. Qe3 c4 11. 0-0 cxb3 12. axb3 Bb7 13. e5 Ng4 14. Qe2 Qd7 15. h3 Nh6 16. Bxh6 gxh6 17. exd6+ Kd8 18. Rfd1 Rg8 19. Ne4 Rg6 20. f3 Rc8 21. Qf2 Bxe4 22. fxe4 Rxd6 23. Qe2 Ke8 24. Rxd6 Qxd6 25. c3 Qb6+ 26. Qf2 0-1

[Event "Medellin Cuartas Memorial B"]
[Site "Medellin"]
[Date "2011.08.06"]
[Round "5.50"]
[White "Gomez Viana, Duvan Leandro"]
[Black "Restrepo Echeverri, Carlos M"]
[Result "1-0"]
[WhiteElo "1630"]
[BlackElo "1600"]
[PlyCount "79"]
[EventDate "2011.08.03"]
[EventType "swiss"]
[EventRounds "8"]
[EventCountry "COL"]
[SourceTitle "EXT 2024"]
[Source "ChessBase"]
[SourceDate "2023.10.10"]
[SourceVersion "1"]
[SourceVersionDate "2023.10.10"]
[SourceQuality "1"]

1. e4 e5 2. Nf3 Nc6 3. Bb5 Nf6 4. 0-0 d6 5. Re1 Be7 6. c3 0-0 7. d4 exd4 8. cxd4 Bg4 9. Bxc6 bxc6 10. h3 Bd7 11. Nc3 Re8 12. Qd3 h6 13. Bf4 a5 14. b3 Bc8 15. Rad1 Ba6 16. Qe3 Bf8 17. Nh4 Nxe4 18. Nxe4 Qxh4 19. Qg3 Qxg3 20. Nxg3 g6 21. Rxe8 Rxe8 22. Rc1 Bb7 23. Rc4 h5 24. Ra4 Ra8 25. Ne4 Kg7 26. Bd2 c5 27. dxc5 Bxe4 28. Rxe4 d5 29. Ra4 Bxc5 30. Bxa5 c6 31. Bc3+ d4 32. Bxd4+ Bxd4 33. Rxa8 c5 34. a4 Kf6 35. a5 Ke6 36. a6 Kf5 37. a7 c4 38. bxc4 Bc5 39. Rf8 Bxa7 40. Rxf7+ 1-0